[Event "Open de la Loire 2015-2016"]
[Site "?"]
[Date "2016.04.30"]
[Round "8.7"]
[White "Gloaguen, Loïc"]
[Black "Schuhmann, Alain"]
[Result "1-0"]
[WhiteElo "1299"]
[BlackElo "1570"]
[EventDate "2016.??.??"]
[PlyCount "107"]

1. Nc3 e5 2. d4 exd4 3. Qxd4 Nc6 4. Qa4 Nf6 5. Bg5 Be7 6. e4 O-O 7. O-O-O 
d6 8. Bb5 Bd7 9. Nf3 a6 10. Bxf6 Bxf6 11. Bxc6 Bxc6 12. Qc4 Bxc3 13. Qxc3 
Bxe4 14. Rhe1 Re8 15. Rd4 Bxf3 16. Rxe8+ Qxe8 17. Qxf3 b6 18. Re4 Qd7 19. 
Re7 Qxe7 20. Qxa8+ Qf8 21. Qxa6 g6 22. Qe2 Qh6+ 23. Kd1 Qxh2 24. Qe8+ Kg7 
25. Qc6 Qh5+ 26. Kc1 Qe2 27. Qc3+ Qe5 28. Qxe5+ dxe5 29. a4 Kf6 30. b4 Ke7
31. Kd2 Kd6 32. Kd3 Kd5 33. c4+ Kc6 34. Ke4 f6 35. f4 exf4 36. Kxf4 Kd6 
37. g4 h6 38. Ke4 h5 39. gxh5 gxh5 40. Kf4 h4 41. Kg4 Ke5 42. Kxh4 Kd4 43.
 a5 bxa5 44. bxa5 Kc5 45. Kg4 Kc6 46. Kf5 Kb7 47. Kxf6 Ka6 48. Ke6 Kxa5 
49. c5 c6 50. Kd7 Kb5 51. Kd6 Ka6 52. Kxc6 Ka7 53. Kd7 Kb8 54. c6 1-0

[Event "Open de la Loire 2015-2016"]
[Site "?"]
[Date "2016.04.30"]
[Round "8.8"]
[White "Martin, Julien"]
[Black "Bournez, Gérard"]
[Result "1/2-1/2"]
[WhiteElo "1529"]
[BlackElo "1320"]
[EventDate "2016.??.??"]
[PlyCount "91"]

1. e4 e5 2. Nf3 Nc6 3. Nc3 Nf6 4. Bb5 d6 5. d4 Bd7 6. Bxc6 Bxc6 7. dxe5 
dxe5 8. Qxd8+ Rxd8 9. Nxe5 Bxe4 10. Nxe4 Nxe4 11. O-O Nf6 12. Re1 Be7 13. 
Nd3 Nd7 14. Nb4 c6 15. Bf4 Nc5 16. Be3 Ne6 17. Bxa7 Bxb4 18. Re2 O-O 19. 
c4 Rd2 20. Rxd2 Bxd2 21. Rd1 Rd8 22. Bb6 Rd3 23. Kf1 Nf4 24. g3 Ba5 25. 
Rxd3 Nxd3 26. Bxa5 Nxb2 27. c5 Nd3 28. Bb6 f6 29. Ke2 Nb4 30. a3 Nd5 31. 
Kd3 Kf7 32. Ba5 Ke6 33. Bd2 h5 34. Ke4 f5+ 35. Kd4 g6 36. h4 Kf6 37. Bc1 
Ke6 38. Bg5 Nc7 39. Bf4 Nd5 40. Bg5 Nc7 41. Bd8 Nb5+ 42. Kc4 Nxa3+ 43. Kb4
Nb5 44. Kc4 Na3+ 45. Kb4 Nb5 46. Kc4 1/2-1/2

[Event "Open de la Loire 2015-2016"]
[Site "?"]
[Date "2016.04.30"]
[Round "8.9"]
[White "Mialon, Franck"]
[Black "Liogier, Pascal"]
[Result "1-0"]
[WhiteElo "1340"]
[BlackElo "1282"]
[EventDate "2016.??.??"]
[PlyCount "65"]

1. e4 c6 2. Nc3 d5 3. exd5 cxd5 4. d4 a6 5. Nf3 Nf6 6. Bg5 h6 7. Bh4 Bf5 
8. Bd3 Ne4 9. Nxe4 dxe4 10. Be2 exf3 11. Bxf3 Qc7 12. Rc1 e6 13. O-O Bd6 
14. Kh1 Nc6 15. c4 O-O 16. c5 Bf4 17. Rc4 Bxh2 18. g3 g5 19. Kxh2 gxh4 20.
 Kh1 h3 21. Rg1 Rad8 22. Qd2 Ne5 23. g4 Bg6 24. Qxh6 Nxf3 25. Rg3 Qc6 26. 
Rc3 Ng5+ 27. Kh2 Qc7 28. Qxg5 Rd5 29. Qh6 Bh7 30. f4 f6 31. g5 Rxg5 32. 
fxg5 Bf5 33. gxf6+ 1-0

[Event "Open de la Loire 2015-2016"]
[Site "?"]
[Date "2016.04.30"]
[Round "8.10"]
[White "Brachet, Gérard"]
[Black "Moreira, Valentin"]
[Result "0-1"]
[WhiteElo "1290"]
[BlackElo "1196"]
[EventDate "2016.??.??"]
[PlyCount "24"]

1. d4 Nf6 2. c4 e5 3. dxe5 Ng4 4. Qd4 d6 5. exd6 Bxd6 6. h3 Bb4+ 7. Qd2 
Bxd2+ 8. Bxd2 Nf6 9. Nc3 Bf5 10. Rd1 Nc6 11. Nf3 Nb4 12. e3 Nc2+ 0-1

[Event "Open de la Loire 2015-2016"]
[Site "?"]
[Date "2016.04.30"]
[Round "8.11"]
[White "Raffin, Philippe"]
[Black "Choquelle, Jean"]
[Result "0-1"]
[WhiteElo "1020"]
[BlackElo "1190"]
[EventDate "2016.??.??"]
[PlyCount "82"]

1. e4 Nc6 2. Nc3 e5 3. Nf3 d6 4. Bc4 Bg4 5. d3 Be7 6. Nb5 a6 7. h3 Bh5 8. 
g4 Bg6 9. Nc3 Nf6 10. g5 Nh5 11. Be3 Nf4 12. Nh4 Bxg5 13. Nxg6 Nxg6 14. 
Qd2 O-O 15. O-O-O Nd4 16. Rhg1 Nf3 17. Bxg5 Nxd2 18. Rxd2 Ne7 19. f3 c6 
20. Na4 Kh8 21. Bh4 Rg8 22. Bxf7 b5 23. Nc3 Qb6 24. Rdd1 Qe3+ 25. Kb1 Qxf3
26. Be6 Ng6 27. Bg3 Rgf8 28. a3 Ra7 29. d4 Nf4 30. dxe5 Nxe6 31. Rxd6 Nc5 
32. Bh4 Nxe4 33. Rxc6 Nd2+ 34. Kc1 Qxc6 35. Be7 Rxe7 36. Kxd2 Qd7+ 37. Kc1
Rxe5 38. b3 Qxh3 39. Kb2 Rc8 40. Rd1 Qxc3+ 41. Kb1 Qxc2+ 0-1

[Event "Open de la Loire 2015-2016"]
[Site "Loire"]
[Date "2016.05.21"]
[Round "9.1"]
[White "Minchilli, Franco"]
[Black "Desassis, Jean-François"]
[Result "1/2-1/2"]
[WhiteElo "1588"]
[BlackElo "1506"]
[EventDate "2016.??.??"]
[PlyCount "56"]

1. e4 c5 2. Nf3 d6 3. d4 cxd4 4. Nxd4 Nc6 5. Nc3 a6 6. Bc4 Nf6 7. Bg5 e6 
8. Qd3 Be7 9. O-O Qa5 10. Be3 Qc7 11. Qe2 b5 12. Nxc6 Qxc6 13. Nxb5 O-O 
14. Nd4 Qxe4 15. Bd3 Qd5 16. c4 Qb7 17. Bg5 Rb8 18. Rab1 Qb6 19. Be3 Qb7 
20. b4 e5 21. Nf5 Bxf5 22. Bxf5 g6 23. Bh6 gxf5 24. Bxf8 Rxf8 25. Qd3 Qe4 
26. Qc3 Qd4 27. Qc2 Qe4 28. Qc3 Qd4 1/2-1/2

[Event "Open de la Loire 2015-2016"]
[Site "Loire"]
[Date "2016.05.21"]
[Round "9.2"]
[White "Guichard, Thomas"]
[Black "Vier, Serge"]
[Result "1-0"]
[WhiteElo "1700"]
[BlackElo "1622"]
[EventDate "2016.??.??"]
[PlyCount "23"]

1. e4 e6 2. d4 d5 3. Nc3 Nf6 4. Bg5 Be7 5. e5 Nfd7 6. h4 Bxg5 7. hxg5 Qxg5
8. Nh3 Qe7 9. Qg4 g6 10. Nf4 f5 11. Qg3 a6 12. Nxg6 1-0

[Event "Open de la Loire 2015-2016"]
[Site "Loire"]
[Date "2016.05.21"]
[Round "9.3"]
[White "Acikgoz, Tuncay"]
[Black "Zaouak, Fahim"]
[Result "1-0"]
[WhiteElo "1659"]
[BlackElo "1570"]
[EventDate "2016.??.??"]
[PlyCount "69"]

1. d4 d5 2. c4 c6 3. cxd5 cxd5 4. Nc3 e6 5. Bf4 f5 6. e3 Nf6 7. Nf3 Be7 8.
 Nb5 Na6 9. Rc1 Bb4+ 10. Nc3 Ne4 11. Bxa6 bxa6 12. Qa4+ Bd7 13. Qxb4 Rc8 
14. O-O a5 15. Qa3 h6 16. Nxe4 fxe4 17. Ne5 Rxc1 18. Rxc1 g5 19. Bg3 Bb5 
20. Qc5 a6 21. b3 Rh7 22. a4 Be2 23. Qc6+ Kf8 24. Qxe6 Bh5 25. Rc8 Qxc8 
26. Qxc8+ Be8 27. Qf5+ Kg8 28. Qe6+ Kf8 29. Ng4 Bf7 30. Bd6+ Kg8 31. Qc8+ 
Kg7 32. Be5+ Kg6 33. Qc6+ Kh5 34. Nf6+ Kh4 35. Bg3# 1-0

[Event "Open de la Loire 2015-2016"]
[Site "Loire"]
[Date "2016.05.21"]
[Round "9.4"]
[White "Trottet, François"]
[Black "Boeuf, Jérémy"]
[Result "1-0"]
[WhiteElo "1460"]
[BlackElo "1572"]
[EventDate "2016.??.??"]
[PlyCount "77"]

1. e4 d5 2. exd5 Nf6 3. d4 Qxd5 4. Nc3 Qd8 5. h3 e6 6. Nf3 Bb4 7. Bd2 O-O 
8. Bd3 b6 9. O-O Bb7 10. a3 Be7 11. Be3 Nbd7 12. Re1 c5 13. Bb5 cxd4 14. 
Nxd4 Rc8 15. Be2 Nc5 16. Bf3 Nd5 17. Nxd5 Bxd5 18. Bxd5 Qxd5 19. Qg4 Bf6 
20. Red1 Qe4 21. Qxe4 Nxe4 22. c3 Nc5 23. Nb5 a6 24. Bxc5 Rxc5 25. Nd6 Be7
26. Ne4 Rd5 27. Rxd5 exd5 28. Ng3 g6 29. Rd1 Rd8 30. Ne2 Bf6 31. Nd4 b5 
32. g3 Bg7 33. Kg2 f5 34. Ne6 Rd6 35. Nxg7 Kxg7 36. f4 a5 37. Re1 d4 38. 
cxd4 Rxd4 39. Re2 1-0

[Event "Open de la Loire 2015-2016"]
[Site "Loire"]
[Date "2016.05.21"]
[Round "9.5"]
[White "Joly, Christian"]
[Black "Gloaguen, Loïc"]
[Result "1-0"]
[WhiteElo "1550"]
[BlackElo "1360"]
[EventDate "2016.??.??"]
[PlyCount "55"]

1. d4 d5 2. Nf3 Nc6 3. e3 Nf6 4. b3 Bg4 5. Nbd2 e6 6. a3 Bd6 7. Bd3 O-O 8.
 O-O e5 9. dxe5 Bxe5 10. Ra2 Bc3 11. Be2 Re8 12. Bb2 Bxd2 13. Bxf6 Qxf6 
14. Qxd2 Rad8 15. h3 Bh5 16. c3 Ne5 17. Nxe5 Bxe2 18. Nxf7 Kxf7 19. Qxe2 
Qxc3 20. Rc2 Qe5 21. Qb5 b6 22. Qa6 Ra8 23. Rc6 Re6 24. Rfc1 Rxc6 25. Rxc6
Qe7 26. Qb7 Rd8 27. Rxc7 Rd7 28. Rxd7 1-0

[Event "Open de la Loire 2015-2016"]
[Site "Loire"]
[Date "2016.05.21"]
[Round "9.6"]
[White "Boeuf, Jean-Julien"]
[Black "Lempereur, Theo"]
[Result "1-0"]
[WhiteElo "1511"]
[BlackElo "1469"]
[EventDate "2016.??.??"]
[PlyCount "79"]

1. e4 e5 2. Nf3 Nc6 3. Bc4 Nf6 4. Nc3 Bc5 5. O-O d6 6. Na4 Bg4 7. Nxc5 
dxc5 8. Re1 Nd4 9. Bxf7+ Kf8 10. Bc4 b5 11. Bf1 Qd7 12. Nxe5 Bxd1 13. 
Nxd7+ Nxd7 14. Rxd1 Nxc2 15. Rb1 a6 16. d3 Ne5 17. Bf4 Re8 18. Rbc1 Nb4 
19. Rxc5 Nbc6 20. Bg3 Re6 21. f4 Nd7 22. Rcc1 Kf7 23. f5 Rf6 24. Bxc7 Re8 
25. g4 Nce5 26. h3 Rc8 27. Bxe5 Rxc1 28. Rxc1 Nxe5 29. b3 Rd6 30. Rd1 Kf6 
31. Kf2 Rc6 32. Rd2 g6 33. Bg2 Rd6 34. d4 Nf7 35. e5+ Nxe5 36. dxe5+ Kxe5 
37. Rxd6 Kxd6 38. fxg6 hxg6 39. Ke3 Ke5 40. h4 1-0

[Event "Open de la Loire 2015-2016"]
[Site "Loire"]
[Date "2016.05.21"]
[Round "9.7"]
[White "Bournez, Gérard"]
[Black "Mialon, Franck"]
[Result "1-0"]
[WhiteElo "1350"]
[BlackElo "1330"]
[EventDate "2016.??.??"]
[PlyCount "79"]

1. e4 e5 2. Nc3 Nf6 3. Nf3 d6 4. Bc4 Bg4 5. d3 Nc6 6. Ne2 Qd7 7. c3 O-O-O 
8. Bg5 h6 9. Bxf6 gxf6 10. d4 h5 11. dxe5 Nxe5 12. Nxe5 fxe5 13. h3 Be6 
14. Bxe6 Qxe6 15. Qd5 Qg6 16. g3 Bh6 17. h4 Qg4 18. Qd3 d5 19. f3 Qe6 20. 
Qc2 dxe4 21. f4 Qc6 22. O-O Qc5+ 23. Kh2 exf4 24. Nxf4 Bxf4 25. Rxf4 e3 
26. Rd1 Rxd1 27. Qxd1 Rd8 28. Rd4 Rxd4 29. cxd4 Qf5 30. Qe2 Qf2+ 31. Qxf2 
exf2 32. Kg2 f1=Q+ 33. Kxf1 Kd7 34. Ke2 Ke6 35. Ke3 Kd5 36. Kf4 Kxd4 37. 
Kg5 Ke5 38. Kxh5 Kf5 39. g4+ Kf4 40. g5 1-0

[Event "Open de la Loire 2015-2016"]
[Site "Loire"]
[Date "2016.05.21"]
[Round "9.8"]
[White "Schuhmann, Alain"]
[Black "Martin, Julien"]
[Result "1-0"]
[WhiteElo "1460"]
[BlackElo "1529"]
[EventDate "2016.??.??"]
[PlyCount "40"]

1. e4 e5 2. f4 d6 3. Nf3 exf4 4. d4 Nf6 5. Nc3 Be7 6. Bxf4 Nh5 7. Be3 Bh4+
8. Nxh4 Qxh4+ 9. Bf2 Qe7 10. Qxh5 Nc6 11. Bd3 Qf6 12. O-O O-O 13. Nd5 Qd8 
14. Bh4 f6 15. c3 Be6 16. e5 g6 17. Nxf6+ Rxf6 18. Bxf6 gxh5 19. Bxd8 Rxd8
20. Rf6 Bf7 1-0

[Event "Open de la Loire 2015-2016"]
[Site "Loire"]
[Date "2016.05.21"]
[Round "9.9"]
[White "Choquelle, Jean"]
[Black "Barrandon, Georges"]
[Result "0-1"]
[WhiteElo "1200"]
[BlackElo "1400"]
[EventDate "2016.??.??"]
[PlyCount "76"]

1. c4 c5 2. Nc3 Nf6 3. e4 Nc6 4. d3 h6 5. Be2 e5 6. a3 Be7 7. Bf3 Nd4 8. 
Nd5 Nxd5 9. cxd5 d6 10. b3 O-O 11. Rb1 Qa5+ 12. b4 cxb4 13. Bd2 Qxa3 14. 
Bxb4 Qa2 15. Bd2 Nc2+ 16. Kf1 Nd4 17. Be2 Bd7 18. Nf3 Nxe2 19. Kxe2 Qa6 
20. h4 Rfc8 21. h5 Bb5 22. Ne1 Rc7 23. Be3 Rac8 24. Kf3 Rc3 25. Rb3 Ba4 
26. Qd2 Bxb3 27. g4 f6 28. Rg1 Bc2 29. Ke2 Kf7 30. f4 Bb3 31. g5 Rc2 32. 
g6+ Kg8 33. Nxc2 Rxc2 34. Rc1 Rxd2+ 35. Kxd2 Bd8 36. Rc8 Qa2+ 37. Kc3 Qc2+
38. Kb4 Qxc8 0-1

[Event "Open de la Loire 2015-2016"]
[Site "Loire"]
[Date "2016.05.21"]
[Round "9.10"]
[White "Jan, Alexandre"]
[Black "Liogier, Pascal"]
[Result "0-1"]
[WhiteElo "1140"]
[BlackElo "1282"]
[EventDate "2016.??.??"]
[PlyCount "74"]

1. d4 c6 2. e4 d5 3. Nc3 dxe4 4. Nxe4 Bf5 5. Ng3 Bg6 6. Nf3 e6 7. Bf4 Nf6 
8. Ne5 Nbd7 9. Nxg6 hxg6 10. Bg5 Qa5+ 11. c3 Qxg5 12. Qb3 Nb6 13. Bc4 Nxc4
14. Qxc4 Bd6 15. Qd3 Bxg3 16. Qxg3 Qxg3 17. fxg3 Ne4 18. O-O Rd8 19. Rae1 
Nf6 20. Re5 Rd5 21. Rxd5 cxd5 22. Rc1 Ng4 23. h3 Ne3 24. Kf2 Nc4 25. b3 
Nd2 26. Ke1 Ne4 27. g4 f5 28. gxf5 gxf5 29. c4 Kd7 30. a4 g5 31. Ke2 Rc8 
32. Kf3 Nd2+ 33. Kg3 Nxb3 34. Rb1 dxc4 35. h4 gxh4+ 36. Kxh4 c3 37. Rg1 c2
0-1

[Event "Open de la Loire 2015-2016"]
[Site "Loire"]
[Date "2016.05.21"]
[Round "9.11"]
[White "Libiszewski, Christian"]
[Black "Raffin, Philippe"]
[Result "1-0"]
[WhiteElo "1394"]
[BlackElo "1020"]
[EventDate "2016.??.??"]
[PlyCount "69"]

1. e4 e5 2. Nf3 Nc6 3. d4 Bb4+ 4. c3 Ba5 5. dxe5 Nge7 6. Bd3 Ng6 7. Bg5 
Nge7 8. O-O O-O 9. Nbd2 h6 10. Bxe7 Qxe7 11. Nc4 b6 12. b4 Bxb4 13. cxb4 
Qxb4 14. Qb3 Qc5 15. Rac1 Nd4 16. Rfd1 d6 17. exd6 cxd6 18. Bf1 Be6 19. 
Qc2 Rac8 20. Qd2 b5 21. Ne3 Qxc1 22. Rxc1 Rxc1 23. Qxc1 a5 24. Qc7 Rc8 25.
 Qxa5 Rc1 26. Qxb5 Bxa2 27. Qb2 Ne2+ 28. Qxe2 Be6 29. g3 g5 30. Kg2 h5 31.
 Qa6 Kg7 32. Qxd6 Bb3 33. Qb4 Ba2 34. Qb2+ f6 35. Qxc1 1-0

[Event "Open de la Loire 2015-2016"]
[Site "Loire"]
[Date "2016.05.21"]
[Round "10.1"]
[White "Joly, Christian"]
[Black "Guichard, Thomas"]
[Result "1/2-1/2"]
[WhiteElo "1550"]
[BlackElo "1700"]
[EventDate "2016.??.??"]
[PlyCount "101"]

1. d4 d5 2. Nf3 Nf6 3. e3 e6 4. Bd3 Bd6 5. b3 Qe7 6. Bb2 Nc6 7. Ne5 Nd7 8.
 Nxc6 bxc6 9. c4 Bb4+ 10. Nd2 a5 11. c5 Ba6 12. Bxa6 Rxa6 13. O-O Bxd2 14.
 Qxd2 Nf6 15. Qe2 Ra7 16. f4 Ne4 17. f5 O-O 18. Rf4 Rb8 19. Raf1 Rab7 20. 
Qg4 Qg5 21. Qxg5 Nxg5 22. fxe6 fxe6 23. h4 Ne4 24. Rf7 Ng3 25. R1f3 Nf5 
26. Rd7 Rf8 27. Bc1 Nxh4 28. Rxf8+ Kxf8 29. Rd8+ Ke7 30. Rc8 Rb5 31. Rg8 
g6 32. Rg7+ Kf6 33. Rxh7 Nf5 34. Rxc7 Ne7 35. Ra7 Nf5 36. Ra6 Ne7 37. Bd2 
Kf5 38. Rxa5 Rxa5 39. Bxa5 Ke4 40. Kf2 Nf5 41. Bd2 Kd3 42. Ke1 Nxe3 43. 
Bxe3 Kxe3 44. a4 Kxd4 45. b4 Kc4 46. a5 Kb5 47. Ke2 e5 48. Kd3 g5 49. g4 
Ka6 50. Kd2 Kb5 51. Kc3 1/2-1/2

[Event "Open de la Loire 2015-2016"]
[Site "Loire"]
[Date "2016.05.21"]
[Round "10.2"]
[White "Boeuf, Jérémy"]
[Black "Minchilli, Franco"]
[Result "0-1"]
[WhiteElo "1572"]
[BlackElo "1588"]
[EventDate "2016.??.??"]
[PlyCount "101"]

1. Nc3 Nf6 2. Nf3 d6 3. d4 e6 4. Bg5 Be7 5. e3 a6 6. Bd3 b5 7. a3 Nbd7 8. 
O-O Bb7 9. Re1 c5 10. b3 O-O 11. Ne2 Nd5 12. Bxe7 Qxe7 13. c4 bxc4 14. 
bxc4 N5f6 15. Ng3 d5 16. Qb3 Rab8 17. Qd1 Rfd8 18. e4 dxc4 19. Bxc4 cxd4 
20. Qxd4 Nc5 21. Qe5 Rbc8 22. Ng5 Nd3 23. Bxd3 Rxd3 24. a4 h6 25. Nh3 Ra3 
26. Nf5 Qb4 27. Nd6 Rxa1 28. Rxa1 Rc5 29. Qg3 Qb2 30. Rf1 Rc1 31. Nxb7 
Rxf1+ 32. Kxf1 Qb1+ 33. Ke2 Qxe4+ 34. Qe3 Qxb7 35. f3 Nd5 36. Qd2 Qb3 37. 
a5 Qc4+ 38. Kf2 Qh4+ 39. Ke2 Qc4+ 40. Kf2 Qc5+ 41. Ke2 Nc3+ 42. Kd3 Nb5 
43. Nf2 Qd4+ 44. Kc2 Qa4+ 45. Kd3 Nd4 46. Ne4 e5 47. Qc3 Qb5+ 48. Kd2 Qe2+
49. Kc1 Qf1+ 50. Kb2 Qxg2+ 51. Ka3 0-1

[Event "Open de la Loire 2015-2016"]
[Site "Loire"]
[Date "2016.05.21"]
[Round "10.3"]
[White "Desassis, Jean-François"]
[Black "Acikgoz, Tuncay"]
[Result "0-1"]
[WhiteElo "1506"]
[BlackElo "1659"]
[EventDate "2016.??.??"]
[PlyCount "58"]

1. c4 f5 2. d4 Nf6 3. Nc3 e6 4. e3 Bb4 5. Bd2 Bxc3 6. Bxc3 O-O 7. Nf3 b6 
8. Be2 d6 9. b4 Bb7 10. Qb3 Ne4 11. Bb2 Nd7 12. b5 Ndf6 13. c5 Bd5 14. Bc4
bxc5 15. Bxd5 Nxd5 16. O-O Rb8 17. a4 Qe8 18. Rac1 a6 19. dxc5 Nxc5 20. 
Qc2 axb5 21. axb5 Qxb5 22. Rb1 Qd3 23. Qc1 f4 24. Rd1 Qg6 25. exf4 Nxf4 
26. Nh4 Qg4 27. g3 Ne2+ 28. Kg2 Nxc1 29. Rd4 Rxf2+ 0-1

[Event "Open de la Loire 2015-2016"]
[Site "Loire"]
[Date "2016.05.21"]
[Round "10.4"]
[White "Zaouak, Fahim"]
[Black "Trottet, François"]
[Result "1-0"]
[WhiteElo "1570"]
[BlackElo "1460"]
[EventDate "2016.??.??"]
[PlyCount "55"]

1. d4 Nf6 2. c4 e6 3. Nc3 d5 4. Bg5 Bb4 5. Nf3 dxc4 6. a3 Bxc3+ 7. bxc3 b6
8. Qa4+ Bd7 9. Qxc4 O-O 10. e3 h6 11. Bh4 Bc6 12. Be2 Bd5 13. Qb5 c6 14. 
Qb1 Nbd7 15. O-O Be4 16. Qd1 Qc8 17. Bd3 Bxd3 18. Qxd3 c5 19. Ne5 Nxe5 20.
 dxe5 Rd8 21. Qe2 g5 22. exf6 Rd5 23. e4 Re5 24. Bg3 Qc7 25. Qh5 Qd8 26. 
Bxe5 Qf8 27. Rad1 Kh7 28. Rd7 1-0

[Event "Open de la Loire 2015-2016"]
[Site "Loire"]
[Date "2016.05.21"]
[Round "10.5"]
[White "Boeuf, Jean-Julien"]
[Black "Bournez, Gérard"]
[Result "1-0"]
[WhiteElo "1511"]
[BlackElo "1350"]
[EventDate "2016.??.??"]
[PlyCount "117"]

1. e4 e5 2. Nf3 Nc6 3. Bc4 Be7 4. d4 exd4 5. Nxd4 Ne5 6. Bb3 Nf6 7. O-O 
O-O 8. Nc3 a6 9. f4 Nc6 10. e5 Nxd4 11. Qxd4 c5 12. Qd1 Ne8 13. Be3 d6 14.
 exd6 Qxd6 15. Qh5 Nf6 16. Qf3 Qc6 17. Nd5 Nxd5 18. Bxd5 Qc7 19. c4 Bd6 
20. g3 Rb8 21. f5 Be5 22. Rae1 Bf6 23. Bf4 Qd7 24. Bxb8 b6 25. Be5 Qd8 26.
 g4 h6 27. Qc3 b5 28. a3 a5 29. Bxf6 gxf6 30. Rd1 Qc7 31. Qxf6 Kh7 32. 
Rfe1 Qf4 33. Re7 Qxg4+ 34. Kf2 Qxf5+ 35. Qxf5+ Bxf5 36. Rxf7+ Rxf7 37. 
Bxf7 Kg7 38. Bd5 b4 39. axb4 axb4 40. Ra1 b3 41. Ra5 Kf6 42. Rxc5 Bc2 43. 
Rc6+ Kg5 44. Kg3 h5 45. h4+ Kf5 46. Rb6 Ke5 47. Bf7 Bd1 48. c5 Kf5 49. 
Bxb3 Bg4 50. Be6+ Ke4 51. Bxg4 hxg4 52. Kxg4 Kd5 53. b4 Ke5 54. c6 Kd6 55.
 b5 Kc7 56. Rb7+ Kc8 57. Kf5 Kd8 58. Ke6 Kc8 59. Kd6 1-0

[Event "Open de la Loire 2015-2016"]
[Site "Loire"]
[Date "2016.05.21"]
[Round "10.6"]
[White "Barrandon, Georges"]
[Black "Vier, Serge"]
[Result "0-1"]
[WhiteElo "1400"]
[BlackElo "1622"]
[EventDate "2016.??.??"]
[PlyCount "67"]

1. d4 d5 2. Bf4 Nf6 3. h3 Bf5 4. Nf3 e6 5. e3 Bd6 6. Ne5 O-O 7. g4 Bg6 8. 
Nxg6 fxg6 9. Bxd6 Qxd6 10. Nc3 Nc6 11. Bg2 Rad8 12. Qd2 Ne7 13. O-O-O c5 
14. f4 cxd4 15. Qxd4 Nc6 16. Qd2 Qb4 17. a3 Qb6 18. Qe2 Na5 19. Rhe1 Nc4 
20. Na4 Qa5 21. Nc3 Nxa3 22. g5 Nc4 23. Nb1 Nd7 24. Rd3 Nc5 25. Rc3 Qa1 
26. Rxc4 dxc4 27. Qxc4 Qa4 28. Qxc5 Rc8 29. b3 Qa2 30. Nc3 Qa1+ 31. Kd2 
Rfd8+ 32. Nd5 Qxe1+ 33. Kxe1 Rxc5 34. Nb4 0-1

[Event "Open de la Loire 2015-2016"]
[Site "Loire"]
[Date "2016.05.21"]
[Round "10.7"]
[White "Liogier, Pascal"]
[Black "Lempereur, Theo"]
[Result "0-1"]
[WhiteElo "1282"]
[BlackElo "1469"]
[EventDate "2016.??.??"]
[PlyCount "132"]

1. d4 d5 2. Nc3 Nf6 3. Bg5 Bf5 4. f3 Nbd7 5. e3 c6 6. Bd3 Bxd3 7. Qxd3 h6 
8. Bh4 e6 9. Nge2 Bb4 10. a3 Bxc3+ 11. Nxc3 Qb6 12. Rb1 O-O 13. Na4 Qa5+ 
14. Nc3 c5 15. O-O cxd4 16. exd4 Qb6 17. Bf2 Rac8 18. Ne2 Qc6 19. Rfc1 e5 
20. Qc3 Qb5 21. Qe3 Rfe8 22. dxe5 Rxe5 23. Nc3 Rxe3 24. Nxb5 Re2 25. Nxa7 
Rexc2 26. Rxc2 Rxc2 27. Nb5 Ne5 28. Bd4 Nfd7 29. Nc3 Rd2 30. Rd1 Rxb2 31. 
Nxd5 Ra2 32. Ne7+ Kh7 33. Ra1 Rxa1+ 34. Bxa1 Nc4 35. a4 Nc5 36. Bd4 Nxa4 
37. Nd5 Kg6 38. Kf1 f6 39. Ke2 Kf5 40. Kd3 Ne5+ 41. Ke2 Ke6 42. Nf4+ Kd6 
43. Nh5 b5 44. Nxg7 Kd5 45. Ke3 Nc4+ 46. Kd3 b4 47. Nf5 Nc5+ 48. Kc2 b3+ 
49. Kb1 Nd3 50. Bc3 b2 51. Bxb2 Ndxb2 52. Nxh6 Nd3 53. Ng4 f5 54. Kc2 Ne1+
55. Kd1 Nxg2 56. Nh6 f4 57. Ng4 Nge3+ 58. Ke2 Nxg4 59. fxg4 Ke4 60. h4 Ne5
61. g5 Kf5 62. Kf2 Kg4 63. Kg2 Kxh4 64. g6 Nxg6 65. Kf3 Kh3 66. Kf2 Ne5 
0-1

[Event "Open de la Loire 2015-2016"]
[Site "Loire"]
[Date "2016.05.21"]
[Round "10.8"]
[White "Mialon, Franck"]
[Black "Schuhmann, Alain"]
[Result "0-1"]
[WhiteElo "1330"]
[BlackElo "1460"]
[EventDate "2016.??.??"]
[PlyCount "48"]

1. e4 c5 2. d4 cxd4 3. c3 dxc3 4. Nxc3 e5 5. Bc4 Nf6 6. Bg5 Be7 7. Qe2 O-O
8. O-O-O d6 9. Nf3 Nc6 10. Kb1 Bg4 11. h3 Bxf3 12. gxf3 Nd4 13. Qe3 Rc8 
14. Bd5 Nxd5 15. exd5 Bxg5 16. Qd3 a6 17. h4 Bh6 18. Ne4 f5 19. Ng5 Bxg5 
20. hxg5 Qxg5 21. f4 Qxf4 22. Qh3 h6 23. Rhg1 Rf7 24. Rg3 Ne2 0-1

[Event "Open de la Loire 2015-2016"]
[Site "Loire"]
[Date "2016.05.21"]
[Round "10.9"]
[White "Gloaguen, Loïc"]
[Black "Libiszewski, Christian"]
[Result "1-0"]
[WhiteElo "1360"]
[BlackElo "1394"]
[EventDate "2016.??.??"]
[PlyCount "61"]

1. Nc3 d5 2. d4 Bf5 3. Nf3 e6 4. e3 Nf6 5. Bd3 Bxd3 6. Qxd3 a6 7. O-O Be7 
8. Re1 O-O 9. e4 dxe4 10. Nxe4 Nxe4 11. Rxe4 Nd7 12. Rg4 Nf6 13. Rg3 Bd6 
14. Rh3 g6 15. Bg5 Be7 16. Bh6 Re8 17. Ng5 Bf8 18. Bxf8 Rxf8 19. Qf3 c6 
20. c3 Kg7 21. Re1 Rh8 22. Rxe6 h6 23. Nxf7 Kxf7 24. Rxf6+ Qxf6 25. Qe3 
Kg7 26. Rf3 Qd6 27. Qd3 Rad8 28. Qc4 c5 29. Rf7+ Kg8 30. Rf6+ Kg7 31. Qf7#
1-0

[Event "Open de la Loire 2015-2016"]
[Site "Loire"]
[Date "2016.05.21"]
[Round "10.10"]
[White "Martin, Julien"]
[Black "Brachet, Gérard"]
[Result "1-0"]
[WhiteElo "1529"]
[BlackElo "1270"]
[EventDate "2016.??.??"]
[PlyCount "102"]

1. e4 e5 2. Nf3 Nc6 3. Nc3 Nf6 4. d4 exd4 5. Nxd4 Bc5 6. Nxc6 bxc6 7. Bc4 
d6 8. Qf3 O-O 9. O-O Bg4 10. Qg3 Re8 11. Bg5 Be6 12. Bxe6 Rxe6 13. Qf3 Qd7
14. Rfe1 h6 15. Bxf6 Rxf6 16. Qh5 Bxf2+ 17. Kh1 Bxe1 18. Rxe1 Re8 19. Qa5 
Rf2 20. Qxa7 Rxc2 21. Qa3 Qf5 22. Qa4 Qf2 23. Rg1 Qd2 24. Qxc6 Re7 25. 
Qa8+ Kh7 26. Qf8 Rd7 27. Qe8 Rxb2 28. Nd5 Qd4 29. Qxd7 Qxe4 30. Ne7 h5 31.
 Qe8 Qe6 32. Qg8+ Kh6 33. Qh8+ Kg5 34. Qxg7+ Kh4 35. Qxb2 Qxe7 36. Qf2+ 
Kg5 37. a4 c5 38. Re1 Qa7 39. Qg3+ Kf5 40. Qxd6 Qxa4 41. Qxc5+ Kf6 42. 
Qe7+ Kg7 43. Qg5+ Kf8 44. Qh6+ Kg8 45. Qxh5 Qa6 46. Re8+ Kg7 47. Qh8+ Kg6 
48. Rg8+ Kf5 49. Qh5+ Ke4 50. Qf3+ Ke5 51. Rg5+ Ke6 1-0

[Event "Open de la Loire 2015-2016"]
[Site "Loire"]
[Date "2016.05.21"]
[Round "10.11"]
[White "Raffin, Philippe"]
[Black "Jan, Alexandre"]
[Result "0-1"]
[WhiteElo "1020"]
[BlackElo "1140"]
[EventDate "2016.??.??"]
[PlyCount "100"]

1. e4 e5 2. Nf3 Nc6 3. Nc3 Nf6 4. Bb5 a6 5. Bc4 b5 6. Bb3 Bb7 7. Ng5 d5 8.
 exd5 Nb4 9. O-O Nfxd5 10. d3 Be7 11. Bxd5 Nxd5 12. Qg4 O-O 13. Nce4 f5 
14. Qh5 Bxg5 15. Bxg5 Qe8 16. Qh4 fxe4 17. dxe4 Nb4 18. Rad1 h6 19. Rd8 
Rxd8 20. Bxd8 Qxd8 21. Qxd8 Rxd8 22. c3 Nxa2 23. f3 Rd2 24. Rf2 Rxf2 25. 
Kxf2 b4 26. c4 b3 27. Ke2 Nb4 28. Kd2 Kf7 29. Kc3 Nc6 30. Kxb3 Ke6 31. c5 
Nd4+ 32. Ka4 g5 33. g4 Nxf3 34. h3 Bxe4 35. Ka5 Kd5 36. b4 Kc4 37. Ka4 
Bc2+ 38. Ka5 e4 39. Kxa6 Kxb4 40. c6 e3 41. Kb7 e2 42. Kxc7 e1=Q 43. Kb6 
Qe3+ 44. Kb7 Be4 45. h4 gxh4 46. Kc7 Qf4+ 47. Kb6 h3 48. c7 Qd6+ 49. Ka7 
Qxc7+ 50. Ka6 Qa5# 0-1